000 00296nam a22001337a 4500
008 170609b xxu||||| |||| 00| 0 eng d
020 _a9780674304420
041 _aeng
080 _a94
100 _a17
101 _aSHH
245 _aTHE FIRST SOCIALIST SOCIETTY
_cHOSKING,G
942 _2udc
_cBK
999 _c16607
_d16607